| 000 | 00839nam a2200229Ii 4500 | ||
|---|---|---|---|
| 003 | JO-AjNU | ||
| 008 | 230605s9999||||xx |||||||||||||| ||und|| | ||
| 017 | _a2001/10887 | ||
| 020 | _a977-01-7273-1 | ||
| 040 |
_aJO-AjNU _bara _erda _cJO-AjNU |
||
| 041 | _aara | ||
| 050 | 1 | 4 | _aBF204.5.S376 2001 |
| 100 | 3 |
_aسارتر، جان بول؛ترجمة سامي محمود علي ، عبد السلام القفاس؛تحرير محمد عناني, _eauthor _97197 |
|
| 245 | 0 | 0 | _aنظرية في الانفعالات |
| 264 | 3 | 1 | _aالقاهرة: وزارة الثقافة، 2001 |
| 300 | _a133ص | ||
| 336 |
_atext _btxt _2rdacontent |
||
| 337 |
_aunmediated _bn _2rdamedia |
||
| 338 |
_avolume _bnc _2rdacarrier |
||
| 490 | 0 | _aسلسلة مهرجان القراءة للجميع 2001 | |
| 650 | 4 |
_aالانفعالات النفسية _97198 |
|
| 999 |
_aA157 _c3725 _d3725 |
||